Operations research: A fundamental approach (Record no. 36123)

MARC details
000 -LEADER
fixed length control field 00327nam a2200121Ia 4500
082 ## - DEWEY DECIMAL CLASSIFICATION NUMBER
Classification number 65.012.122
Item number SHA
100 ## - MAIN ENTRY--AUTHOR NAME
Personal name Shamblin, James E
245 #0 - TITLE STATEMENT
Title Operations research: A fundamental approach
260 ## - PUBLICATION, DISTRIBUTION, ETC. (IMPRINT)
Place of publication New York
Name of publisher McGraw Hill
Year of publication 1974
700 ## - ADDED ENTRY--PERSONAL NAME
Personal name Stevens, G T
942 ## - ADDED ENTRY ELEMENTS (KOHA)
Koha item type Books
Holdings
Withdrawn status Lost status Damaged status Not for loan Home library Current library Date acquired Cost, normal purchase price Full call number Accession Number Koha item type
        RRII Library RRII Library 16/12/2021 6.50 65.012.122 SHA 16536 Books